000 01411cam a2200421 a 4500
999 _c1271
_d1271
001 18978195
003 OSt
005 20230106100532.0
008 160217s2008 enkab j 001 0 eng
010 _a 2015509368
015 _aGBA863582
_2bnb
016 7 _a014607047
_2Uk
020 _a9780439944564
_q(pbk.)
020 _a0439944562
_q(pbk.)
035 _a(OCoLC)ocn227275332
040 _aUKM
_beng
_cUKM
_dBTCTA
_dYDXCP
_dOCLCO
_dOCLCF
_dOCLCO
_dOCLCQ
_dDLC
_dKH8
042 _aukblcatcopy
_alccopycat
082 0 4 _a551.483 GAN
_222
100 1 _aGaneri, Anita,
_d1961-
_eAUTHOR
245 1 0 _aRAGING RIVERS /
_cAnita Ganeri ; illustrated by Mike Phillips.
250 _aNew ed.
260 _aLondon ;
_aNew York :
_bScholastic,
_c2008.
300 _a160 pages :
_billustrations, maps ;
_c20 cm.
336 _atext
_btxt
_2rdacontent
337 _aunmediated
_bn
_2rdamedia
338 _avolume
_bnc
_2rdacarrier
490 1 _aHorrible geography
500 _aPrevious edition: London: Hippo, 2000.
500 _aIncludes index.
650 0 _aRivers
_vJuvenile literature.
650 7 _aRivers.
_2fast
_0(OCoLC)fst01098312
655 7 _aJuvenile works.
_2fast
_0(OCoLC)fst01411637
700 1 _aPhillips, Mike,
_d1961-
_eILLUSTRATOR
830 0 _aHorrible geography.
906 _a7
_bcbc
_ccopycat
_d2
_encip
_f20
_gy-gencatlg
942 _2ddc
_cFIC